00983nam a22002531a 4500003000500000005001700005008004100022010001000063011001000073035001100083040000900094100002700103245014700130260005900277300004400336502010400380530003600484650002500520650003200545650002500577650002900602650003400631856006400665CHAP20220329143337.0081011s2008 mx r 00010 spa d a95235 a96207 a106854 cCHAP1 aVieyra Sánchez, Uri.13aLa empresa forestal comunitaria en ejidos indígenas de los Altos de Chiapas :banálisis de dos estudios de casoc/por Uri Vieyra Sánchez aSan Cristóbal de las Casas, Chis. :bEl autor,c2008 axix, 173 h. :bgráfs., cuadros, mapas aTesis (M.C. en Desarrollo Rural Regional) -- UACH. Dirección de Centros Regionales Universitarios aTambién disponible en línea14aComunidades rurales.14aEjidos forestaleszChiapas.14aEmpresas campesinas.14aFotogrametría aérea.14aRecursos forestaleszChiapas. 3Finding aiduhttp://10.13.5.2/tesis/106854.pdfzTeclea aqui